000 00484nam a2200181Ia 4500
003 IIN
005 20240105122312.0
008 231217s9999 xx 000 0 und d
020 _cRs.1395.00
_a1904798179
040 _aIIN
_bEnglish
082 _a618.2
_bARU
100 1 _aArulkumaran, Subaratnam
245 1 _aEssentials of Obstetrics
_cSubaratnam Arulkumaran...[et al]
260 _bJaypee
_aNew Delhi
_c2004
300 _axvii, 393p.
650 1 _aObstetrics
942 _cBOOK
999 _c1463
_d1463